000 01025nam a2200265Ia 4500
003 OSt
005 20221005104321.0
006 a|||||r|||| 00| 0
007 ta
008 221004b |||||||| |||| 00| 0 hin d
020 _a9789352665938 (hbk)
_cINR 500.00
024 _a66406
037 _bGV726, 11/03/2020, Vani Prakashan
_cTextual
040 _aCRL
_cCRL
_bhin
041 _2hin
_ahin
082 _aV2:51.N, 152Q9
100 _aअरूर, शिव, ले.
245 0 _aभारतीय सेना के शूरवीरों की शौर्यगाथाएॅं
246 _aBhāratīya senā ke shūravīroan kī shauryagāthāeॅan
260 _aदिल्ली
_bप्रभात प्रकाशन भारत
_c2019
300 _a256पृ0
_ccm.
650 _aस्वतंत्रता सेनानी
942 _hV2:51.N, 152Q9
_cTEXL
_2cc
999 _c1012348
_d1012348